000 00389cam a2200169 4500
001 D13045
008 090401t1946 xxu||||| |||| 00| 0 eng d
035 _a(Sirsi) u94344
041 _aeng
100 _aHurt, E.F.
245 _aSunflower, for food, fodder and fertility
260 _bFaber and Faber
_c1946
350 _a0
520 _aShelf 18
942 _n0
948 _c04/03/1997
999 _c97990
_d97990